Lyrics to Katy Perry's "Rise" - Statistics

General Stats
  • This quiz has been taken 177 times
    73 since last reset
  • The average score is 32 of 56
Answer Stats
Hint Lyrics % Correct
Can't write my ____ story
89%
I won't just _____ survive
89%
Cause my roots, they run ___ deep
84%
I know it, I ___ it know
84%
You ___ it, you ___ it know
84%
Victory is in my ____ veins
84%
Oh, you will see me ____ thrive
82%
___ again Feet
79%
Don't ___ it, don't ____ it. doubt
77%
Don't ___ it, don't ___ it doubt
77%
I'll ___ it, I'll ___ it fight
75%
"You're out of ____ time"
75%
But still I ___ rise
74%
Don't be surprised, I will still rise
74%
When, when the ___ at my fire's
72%
But still _ ___ I rise
72%
No matter how you ____ __ ___ shake my core
70%
___ rise Still
68%
No ______ accident
67%
No _____ accident
67%
I won't just ____ conform
67%
____ again Think
67%
I will _____ transform
67%
This is no _____ mistake
65%
Don't be ____ surprised
65%
Don't be ____ surprised
65%
I will ___ __ still rise
61%
I'm beyond the ______ archetype
60%
Don't doubt _, don't doubt _ it
60%
____ is in your veins Victory
60%
They're _____ whispering
54%
They're _____ whispering
54%
And I will not _____ negotiate
53%
And ____ chaos
49%
Oh, __, oh, __ oh
49%
So, I call on my ____, they say angels
47%
Think ___ again
46%
Just ____ _, just ___ __ fight it
46%
Just ___ _, just ___ _ fight it
46%
Through the _____ madness
46%
And the _____ all start circling vultures
44%
And the ____ vultures
44%
At my ___ ____ feet again
42%
When you think the ____ nail is in final
40%
When you think the final ___ _ _ Nail is in
40%
And you will __ _____ not negotiate
39%
"You're __ _ __ out of time"
39%
'Cause when, ___ __ ___ when the fire's
39%
This is _ ____ no mistake
35%
All ____ ___ start circling
32%
And __ _____ be transformed
30%
Oh, oh __ _ _ ___ ___ ye of so little faith
28%
Oh, __ _ _ ___ ___ ye of so little faith
28%
I ___ ___ __ will still rise.
26%
You ___ _, you ___ _ know it
23%
I must ___ _____ conscious
2%
No matching quizzes found
Score Distribution
Percent of People with Each Score
Percentile by Number Answered
Your Score History
You have not taken this quiz since the last reset